00461nam a2200181Ia 4500003000400000005001700004008004100021020002200062040000700084041000800091082002200099100001700121245005600138260004000194300001400234365001300248650001800261OSt20230324132928.0210423s2017 xx 000 0 und d a978-93-86385-52-9 cAL aeng a428.07 223bMOHL aMOHAN (Braj) aLets play English: activities for language teaching aNew DelhibViva Books Pvt Ltdc2017 ax,100bPB b295cINR aEnglish Usage